000 00774nam a22002057a 4500
005 20220128095323.0
008 220128b ||||| |||| 00| 0 eng d
040 _cAL
041 _ahin
082 _223
_aH324
_bBADJ
100 _aArjun Singh Badhauriya: अर्जुनसिंह भदौरिया
_915009
245 _aJansatta Ki Vor: जनसत्ता की ओर
260 _aNayi Dilli
_bKusum Prakashan
_c1977
300 _axii,386 p.
_bHB
_c22x14 cm.
440 _vVol 2
650 _aPeoples Government: जनसत्ता
_915005
650 _aPolitical Science: राजनीतिशास्त्र
_915006
700 _aBADHAURIYA ( Arjun Singh): भदौरिया (अर्जुनसिंह )
_915007
942 _2ddc
_cGF
999 _c221364
_d221364